000
00255nam a22001217a 4500
020
_a
9789380930022
082
_a
664
_b
ANU/FO
100
_a
Anuradha Roy
245
_a
Food processing
260
_a
Jaipur
_b
Yking Books
_c
2010
300
_a
328
942
_c
BK
999
_c
13682
_d
13682